| 000 | 00543 a2200169 4500 | ||
|---|---|---|---|
| 003 | Nust | ||
| 005 | 20230526095027.0 | ||
| 040 | _cNust | ||
| 082 | _a808.81,DAV | ||
| 100 |
_aNorman Davey _9112663 |
||
| 245 |
_aGood Hunting _bNorman Davey |
||
| 260 |
_aLondon _bChapman and Hall Limited _c1935 |
||
| 300 | _a245 | ||
| 505 | _aJulian Alone (Page-1), Marjory (Page-10), Barbara (Page-35), Bobbie (Page-64), UNA (Page-131), EVE (Page-170), Olga (Page-207), Julian and Wendy (Page-229). | ||
| 650 |
_aGood Hunting _9112664 |
||
| 942 |
_2ddc _cBK |
||
| 999 |
_c186328 _d186328 |
||